000 00222nam a22000857a 4500
999 _c11554
_d11554
008 190618b ||||| |||| 00| 0 eng d
100 _aJackson .D & N
_97263
245 _aHero tales - Volume -1
260 _aU S A
_bBethany
_c1996